[Event "Oberwart op"]
[Site "Oberwart"]
[Date "2002.07.05"]
[Round "1"]
[White "Rashkovsky, Nukhim N"]
[Black "Wiater, Michael"]
[Result "1-0"]
[WhiteElo "2511"]
[BlackElo "2021"]
[PlyCount "55"]
[EventDate "2002.07.05"]
[EventType "swiss"]
[EventRounds "9"]
[EventCountry "AUT"]
[SourceTitle "CBM 089 Extra"]
[Source "ChessBase"]
[SourceDate "2002.09.10"]
[SourceVersion "2"]
[SourceVersionDate "2002.09.10"]
[SourceQuality "1"]

1. d4 d5 2. c4 e6 3. Nf3 c6 4. Qc2 Nf6 5. g3 Nbd7 6. Bg2 Be7 7. 0-0 0-0 8. Rd1 Ne4 9. Nc3 Ndf6 10. Ne5 Nxc3 11. bxc3 Qa5 12. Rb1 Ne4 13. Bxe4 dxe4 14. c5 f5 15. Bf4 g5 16. Nc4 Qa6 17. Bd6 Bxd6 18. Nxd6 b5 19. Qd2 h6 20. h4 f4 21. hxg5 hxg5 22. Qc2 Bd7 23. Qxe4 Rf6 24. gxf4 gxf4 25. f3 Qxa2 26. Kf2 Qd5 27. Rg1+ Kf8 28. Qh7 1-0